Jennie - Mantra (Lyrics) - Statistics

General Stats
  • This quiz has been taken 195 times
  • The average score is 278 of 400
Answer Stats
Lyrics % Correct
girl
100%
mantra,
100%
that
100%
Pretty,
99%
pretty,
99%
pretty
99%
Pretty
99%
This
98%
this
98%
do
95%
drama
95%
drama,
95%
wanna,
95%
wanna
95%
girls
93%
L.A.
93%
day
92%
in
92%
In
92%
it
92%
the
92%
N
91%
don't
90%
to
90%
To
90%
on
89%
a
87%
be
87%
just
87%
down
86%
we
86%
We
86%
no
83%
depending
81%
you
81%
defend
77%
it'll
75%
I'm
74%
touched
73%
way
73%
flaunt
72%
'less
72%
me
72%
Me
72%
both
71%
make
70%
she
70%
ya,
70%
her,
68%
her
68%
like
68%
swing
68%
let
67%
catch
66%
not
65%
It's
64%
My
64%
my
64%
ways
64%
with
63%
never
62%
never,
62%
she's
62%
an
61%
deep,
61%
ever
61%
Ha
61%
ha
61%
stunna,
59%
Defender,
58%
feel
58%
stray
58%
know
57%
fun
56%
gon'
55%
have
54%
all
53%
and
52%
are
52%
back,
52%
cold
52%
every
52%
Look
52%
Mix
52%
Sometimes,
52%
Throw
52%
at
50%
drunk
50%
gonna
49%
ass
48%
by
48%
from
48%
sis,
48%
clothes
47%
got
46%
pajamas
46%
Straight
46%
Check
45%
drive
45%
I'ma
45%
night
45%
plunge
44%
we're
44%
packed
43%
what
43%
too
42%
Oh,
41%
sun
41%
attached
40%
dumb
40%
Out
40%
run
40%
commas
39%
Daytime
39%
late
39%
minute
39%
twenty
39%
gotta
38%
of
38%
Quick
38%
them
38%
baddie
37%
'Cause
37%
switch
37%
for
36%
Inside
36%
time
36%
Love
35%
had
33%
mind
33%
use
33%
ruin
32%
ain't
30%
Ain't
30%
fit
30%
good
30%
vibes
30%
we'll
30%
Bonnies
29%
lane,
29%
livin'
29%
glowin'
28%
is
27%
off
27%
through
27%
You're
27%
weird
26%
words
24%
creeps,
23%
full
23%
our
23%
Swervin'
23%
light
22%
one
21%
talk
21%
already
20%
grid
20%
bitch,
19%
nobody
18%
dim
17%
remember,
17%
Swerve
17%
everyone
12%
tryna
12%
could
11%
knows
11%
even
10%
new
9%
trauma,
9%
trigger
8%
nothing
5%
amntra,
1%
touced
1%
No matching quizzes found
Score Distribution
Percent of People with Each Score
Percentile by Number Answered
Your Score History
You have not taken this quiz